Low risk investing : (Record no. 345439)
[ view plain ]
| 000 -LEADER | |
|---|---|
| fixed length control field | 00966 a2200205 4500 |
| 020 ## - INTERNATIONAL STANDARD BOOK NUMBER | |
| International Standard Book Number | 1558503846 |
| 020 ## - INTERNATIONAL STANDARD BOOK NUMBER | |
| International Standard Book Number | 9781558503847 |
| 082 04 - DEWEY DECIMAL CLASSIFICATION NUMBER | |
| Classification number | 332.6 |
| 090 ## - LOCALLY ASSIGNED LC-TYPE CALL NUMBER (OCLC); LOCAL CALL NUMBER (RLIN) | |
| -- | 2949 |
| -- | 2949 |
| 100 1# - MAIN ENTRY--PERSONAL NAME | |
| Personal name | Williamson, Gordon K. |
| 245 10 - TITLE STATEMENT | |
| Title | Low risk investing : |
| Remainder of title | how to get a good return on your money without losing any sleep / |
| Statement of responsibility, etc. | Gordon K. Williamson. |
| 250 ## - EDITION STATEMENT | |
| Edition statement | 2 Updated ed. |
| 260 ## - PUBLICATION, DISTRIBUTION, ETC. | |
| Place of publication, distribution, etc. | [S.l.] : |
| Name of publisher, distributor, etc. | Adams Media Corporation, |
| Date of publication, distribution, etc. | 1994. |
| 300 ## - PHYSICAL DESCRIPTION | |
| Extent | 309 p. ; |
| Dimensions | 22 cm. |
| 500 ## - GENERAL NOTE | |
| General note | Paperback. |
| 520 ## - SUMMARY, ETC. | |
| Summary, etc. | Explains and evaluates the various alternatives, from money market funds to common stocks, available to investors for achieving a good return on their money with minimal risk, and shows how to choose the right means for specific financial needs. |
| 856 40 - ELECTRONIC LOCATION AND ACCESS | |
| Materials specified | Amazon.com |
| Uniform Resource Identifier | <a href="http://www.amazon.com/exec/obidos/ASIN/1558503846/chopaconline-20">http://www.amazon.com/exec/obidos/ASIN/1558503846/chopaconline-20</a> |
| 856 40 - ELECTRONIC LOCATION AND ACCESS | |
| Materials specified | Amazon customer reviews |
| Uniform Resource Identifier | <a href="http://www.chopac.org/cgi-bin/tools/azrev.pl?q=1558503846">http://www.chopac.org/cgi-bin/tools/azrev.pl?q=1558503846</a> |
| 942 ## - ADDED ENTRY ELEMENTS (KOHA) | |
| Institution code [OBSOLETE] | NBS |
| Koha item type | Book |
| Call number prefix | 332.6 WIL |
| Withdrawn status | Lost status | Damaged status | Not for loan | Permanent Location | Current Location | Date acquired | Total Checkouts | Full call number | Barcode | Date last seen | Date last checked out | Price effective from | Koha item type |
|---|---|---|---|---|---|---|---|---|---|---|---|---|---|
| Central Library (CL) | Central Library (CL) | 08/28/2013 | 1 | 332.6 WIL | NBS823 | 11/22/2017 | 08/08/2017 | 08/28/2013 | Book |
